[Event "International Championship of Central Se"]
[Site "Paracin, hotel "]
[Date "2015.07.06"]
[Round "4.1"]
[White "Petrovic, Marija"]
[Black "Gajic, Aleksa"]
[Result "1-0"]
[WhiteElo "2073"]
[BlackElo "2024"]
[PlyCount "150"]
[EventDate "2015.07.03"]

1. Nf3 c5 2. b3 Nc6 3. Bb2 e6 4. e3 Nf6 5. c4 Be7 6. Nc3 O-O 7. d4 cxd4 8. Nxd4
d5 9. cxd5 exd5 10. Be2 Qb6 11. Nf3 Rd8 12. O-O Bf5 13. Na4 Qc7 14. Rc1 Qd7 15.
Nc5 Bxc5 16. Rxc5 Ne4 17. Rc1 Rac8 18. Nd4 Be6 19. Bb5 a6 20. Bd3 Nb4 21. Rxc8
Qxc8 22. Bb1 Nc3 23. Bxc3 Qxc3 24. Qh5 g6 25. Qg5 Re8 26. h4 Nc6 27. Nf3 Qg7
28. Rd1 Rc8 29. Qf4 h6 30. Kh2 Ne7 31. Nd4 Bd7 32. Qd6 Bg4 33. f3 Nf5 34. Bxf5
Bxf5 35. Qxd5 Qf6 36. Nxf5 gxf5 37. Kh3 Re8 38. Qxb7 Rxe3 39. Qb8+ Kh7 40. Qf4
Re5 41. Rd7 Re2 42. Rd6 Re6 43. Rd5 Kg6 44. h5+ Kg7 45. Rxf5 Qe7 46. Rd5 Re1
47. Qg4+ Kh7 48. Qf5+ Kg7 49. Kg3 Re6 50. Rd4 Qc7+ 51. Qf4 Qc3 52. Qd2 Qc7+ 53.
Kh3 Qe5 54. Rg4+ Kh7 55. Qd3+ Kh8 56. Qd4 Qxd4 57. Rxd4 Kg7 58. Ra4 Rd6 59. Kg4
Kf6 60. f4 Ke6 61. Ra5 Kf6 62. g3 Ke6 63. a4 Rb6 64. b4 Ke7 65. b5 axb5 66.
Rxb5 Ra6 67. a5 Kf8 68. Kf5 Kg7 69. g4 Kg8 70. Ke4 Kg7 71. g5 hxg5 72. fxg5 Ra7
73. Kd5 Ra6 74. Kc4 Rc6+ 75. Rc5 Re6 1-0

[Event "International Championship of Central Se"]
[Site "Paracin, hotel "]
[Date "2015.07.06"]
[Round "4.2"]
[White "Jakovljevic, Dejan"]
[Black "Milosevic, Rade"]
[Result "0-1"]
[WhiteElo "2006"]
[BlackElo "2071"]
[PlyCount "120"]
[EventDate "2015.07.03"]

1. e4 c6 2. d4 d5 3. f3 e6 4. Nc3 Bb4 5. a3 Bxc3+ 6. bxc3 dxe4 7. Qe2 exf3 8.
Nxf3 Ne7 9. Qf2 Nd7 10. Bd3 Qa5 11. O-O Qh5 12. Ng5 Nf6 13. Be2 Qg6 14. g4 Qxc2
15. Qf3 Ned5 16. c4 h6 17. Nxf7 Kxf7 18. cxd5 cxd5 19. Bd3 Qa4 20. Be3 Bd7 21.
h4 Ke7 22. g5 hxg5 23. hxg5 Raf8 24. gxf6+ gxf6 25. Rf2 Rf7 26. Bg6 Rg8 27. Qh5
Qb3 28. Qh6 Rxg6+ 29. Qxg6 Qxe3 30. Rd1 Qxa3 31. Qd3 Qxd3 32. Rxd3 a5 33. Rb2
Bc6 34. Kf2 Rh7 35. Kg3 a4 36. Ra3 Kd6 37. Rb6 Kc7 38. Rb2 Rh1 39. Rf2 Rh6 40.
Raf3 f5 41. Kf4 Kd6 42. Ke3 Rh8 43. Kd3 Rh1 44. Kc3 Rb1 45. Kc2 Rb4 46. Rf4 b5
47. R2f3 Rc4+ 48. Kb2 b4 49. Rg3 Bd7 50. Rg6 b3 51. Rg1 Rc2+ 52. Ka3 Re2 53.
Rh4 Re4 54. Rgh1 f4 55. Rd1 f3 56. Rh2 Rf4 57. Rf2 Bb5 58. Kb4 Kc6 59. Re1
Rxd4+ 60. Ka3 Be2 0-1

[Event "International Championship of Central Se"]
[Site "Paracin, hotel "]
[Date "2015.07.06"]
[Round "4.3"]
[White "Sukovic, Andrej"]
[Black "Tomic, Slobodan"]
[Result "1/2-1/2"]
[WhiteElo "1962"]
[BlackElo "2061"]
[PlyCount "131"]
[EventDate "2015.07.03"]

1. e4 c5 2. Nf3 d6 3. d4 cxd4 4. Nxd4 Nf6 5. Nc3 a6 6. Bc4 e6 7. a4 Nc6 8. O-O
Be7 9. Kh1 Qc7 10. f4 Bd7 11. Nde2 O-O 12. f5 Ne5 13. Bb3 b5 14. fxe6 fxe6 15.
Nd4 Nc4 16. axb5 axb5 17. Rxa8 Rxa8 18. Ndxb5 Qc5 19. Qe2 Rc8 20. Bxc4 Qxc4 21.
Qxc4 Rxc4 22. b3 Rc5 23. e5 Rxe5 24. Nd4 Nd5 25. Nf3 Rf5 26. Ne4 Nf6 27. Nc3
Rc5 28. Bd2 e5 29. Rc1 Bf5 30. Nh4 Bd7 31. Nf3 Rc7 32. Kg1 h6 33. h3 Kf7 34.
Na4 Rb7 35. Be3 Bf5 36. Nb6 Ke6 37. c4 Nd7 38. Nxd7 Kxd7 39. Nd2 Kc6 40. g4 Bd3
41. Rc3 Bg6 42. Nf3 Bd8 43. Bd2 Bb6+ 44. Kg2 Bc5 45. Kg3 Be4 46. Be1 Rf7 47. h4
g6 48. Nd2 Bh1 49. Kh2 Bf2 50. Rc1 Bxe1 51. Rxe1 Rf2+ 52. Kxh1 Rxd2 53. h5 gxh5
54. gxh5 Rb2 55. Re4 Rxb3 56. Kg2 Kc5 57. Rg4 Rd3 58. Rg6 Kxc4 59. Rxh6 d5 60.
Rc6+ Kd4 61. h6 Ra3 62. h7 Ra8 63. Kf2 Rh8 64. Rh6 Ke4 65. Rh5 Kf4 66. Ke2
1/2-1/2

[Event "International Championship of Central Se"]
[Site "Paracin, hotel "]
[Date "2015.07.06"]
[Round "4.4"]
[White "Radonjic, Milan"]
[Black "Arandjelovic, Aleksandar Z"]
[Result "1/2-1/2"]
[WhiteElo "1936"]
[BlackElo "2032"]
[PlyCount "57"]
[EventDate "2015.07.03"]

1. d4 Nf6 2. c4 g6 3. Nc3 Bg7 4. e4 d6 5. f3 O-O 6. Be3 b6 7. Qd2 c5 8. d5 Re8
9. O-O-O a6 10. g4 b5 11. h4 Nbd7 12. h5 Ne5 13. Bh6 Bh8 14. Bg5 b4 15. Nb1 Qa5
16. hxg6 fxg6 17. Qh2 Ra7 18. b3 Rf8 19. Bf4 Nf7 20. Bh3 g5 21. Be3 h6 22. Qd2
Ne5 23. Bg2 Bg7 24. Ne2 Qc7 25. f4 Nexg4 26. fxg5 hxg5 27. Rdg1 Nxe3 28. Qxe3
Qd7 29. Qxg5 1/2-1/2

[Event "International Championship of Central Se"]
[Site "Paracin, hotel "]
[Date "2015.07.06"]
[Round "4.5"]
[White "Ostojic, Nikola M"]
[Black "Miljkovic, Jovana"]
[Result "1-0"]
[WhiteElo "2031"]
[BlackElo "1812"]
[PlyCount "115"]
[EventDate "2015.07.03"]

1. d4 Nf6 2. Nf3 e6 3. Bg5 d5 4. e3 a6 5. Bd3 c5 6. c3 Nc6 7. Nbd2 Be7 8. O-O
Qc7 9. dxc5 e5 10. e4 Nxe4 11. Bxe4 dxe4 12. Bxe7 Nxe7 13. Nxe4 O-O 14. Qd6
Qxd6 15. Nxd6 f6 16. Nd2 Nd5 17. N2c4 Rb8 18. Nb6 Be6 19. Nxd5 Bxd5 20. Rfd1
Bc6 21. Nc4 Rfd8 22. Nb6 e4 23. Rd4 f5 24. Rad1 Re8 25. g3 e3 26. fxe3 Rxe3 27.
Rd8+ Rxd8 28. Rxd8+ Kf7 29. Kf2 Re5 30. b4 g5 31. Rd4 g4 32. Nc4 Re6 33. Na5
Bf3 34. Rd2 Rh6 35. Ke3 Re6+ 36. Kf2 Rh6 37. Ke3 Re6+ 38. Kf4 Be4 39. Rd7+ Kg6
40. Nc4 Kf6 41. Rd6 Bd5 42. Rxe6+ Kxe6 43. Nd6 b6 44. Nxf5 bxc5 45. a3 cxb4 46.
axb4 Bf3 47. c4 Bd1 48. Nd4+ Kd6 49. Ke4 Ba4 50. c5+ Kc7 51. Kd5 Be8 52. Ne6+
Kb7 53. Kd6 Bb5 54. c6+ Kc8 55. Nc7 Bd3 56. Nd5 Bb5 57. Ne7+ Kb8 58. c7+ 1-0

[Event "International Championship of Central Se"]
[Site "Paracin, hotel "]
[Date "2015.07.06"]
[Round "4.6"]
[White "Bozinovic, Boban"]
[Black "Menzi, Nezihe Ezgi"]
[Result "1/2-1/2"]
[WhiteElo "2043"]
[BlackElo "1807"]
[PlyCount "45"]
[EventDate "2015.07.03"]

1. e4 c5 2. Nf3 e6 3. d4 cxd4 4. Nxd4 a6 5. Bd3 Qc7 6. O-O Nf6 7. Nc3 Be7 8.
Qe2 d6 9. h3 Nbd7 10. Be3 b5 11. a3 Bb7 12. f4 Nc5 13. Bf2 Rc8 14. Rae1 O-O 15.
Kh1 Qb8 16. Bg1 Rfd8 17. Nf3 d5 18. exd5 Nxd3 19. cxd3 Nxd5 20. Nxd5 Rxd5 21.
Ne5 Bf6 22. d4 Qc7 23. Be3 1/2-1/2

[Event "International Championship of Central Se"]
[Site "Paracin, hotel "]
[Date "2015.07.06"]
[Round "4.7"]
[White "Madic, Zivko"]
[Black "Radovanovic, Miroljub B"]
[Result "1-0"]
[WhiteElo "2036"]
[BlackElo "1971"]
[PlyCount "71"]
[EventDate "2015.07.03"]

1. d4 d5 2. c4 c6 3. cxd5 cxd5 4. Bf4 Nc6 5. e3 e6 6. Nc3 a6 7. Nf3 Nf6 8. Be2
Be7 9. O-O O-O 10. Rc1 Nh5 11. Ne5 Nxf4 12. exf4 Na5 13. Na4 f6 14. Nd3 b6 15.
Bf3 Nc4 16. Re1 f5 17. b3 Nd6 18. Ne5 Bb7 19. Nc6 Bxc6 20. Rxc6 Qd7 21. Rxb6
Ne4 22. Be2 Bd6 23. f3 Nf6 24. Bxa6 Rfe8 25. Bb5 Qc7 26. Bxe8 Rxe8 27. Qc1 Qxc1
28. Rxc1 Bxf4 29. Re1 Kf7 30. Rb7+ Kg6 31. Nc5 Bd2 32. Re2 Bc3 33. Nxe6 Kh6 34.
Kf1 g5 35. Rc7 Bb4 36. Rc6 1-0

[Event "International Championship of Central Se"]
[Site "Paracin, hotel "]
[Date "2015.07.06"]
[Round "4.8"]
[White "Glisic, Tomislav"]
[Black "Golubovic, Marko"]
[Result "0-1"]
[WhiteElo "1825"]
[BlackElo "1991"]
[PlyCount "68"]
[EventDate "2015.07.03"]

1. e4 c5 2. Nf3 d6 3. c3 Nf6 4. d4 Nxe4 5. Bd3 Nf6 6. O-O cxd4 7. cxd4 Bg4 8.
Bg5 Nbd7 9. h3 Bh5 10. Nbd2 e6 11. Qb3 Qb6 12. Qa4 Bxf3 13. Nxf3 Be7 14. Bb5
Qd8 15. Bxf6 Bxf6 16. Qb4 Be7 17. Ba4 Rb8 18. d5 e5 19. Nd2 O-O 20. Rac1 Nc5
21. Rc3 f5 22. Ra3 e4 23. Bc2 a6 24. Nc4 f4 25. Qe1 Bh4 26. Bxe4 Re8 27. Nd2
Qe7 28. g3 fxg3 29. fxg3 Bg5 30. Bxh7+ Kxh7 31. Qb1+ Kg8 32. Nf3 Bf6 33. Kg2
Qe4 34. Qxe4 Rxe4 0-1

[Event "International Championship of Central Se"]
[Site "Paracin, hotel "]
[Date "2015.07.06"]
[Round "4.9"]
[White "Jankov, Saso"]
[Black "Farkas, Sandor I"]
[Result "1/2-1/2"]
[WhiteElo "2093"]
[BlackElo "1863"]
[PlyCount "59"]
[EventDate "2015.07.03"]

1. e4 c5 2. d3 Nc6 3. c3 d5 4. exd5 Qxd5 5. Nf3 Bg4 6. Be2 Nf6 7. O-O e6 8.
Nbd2 Be7 9. h3 Bh5 10. Qc2 O-O 11. Re1 Rfd8 12. a4 Bg6 13. c4 Qd7 14. Qb3 Nb4
15. Ne5 Qd6 16. Nxg6 hxg6 17. Ne4 Nxe4 18. dxe4 e5 19. Be3 a5 20. Red1 Qc7 21.
g3 g5 22. Qc3 Nc6 23. Rd5 Nd4 24. Bxd4 exd4 25. Qd3 Ra6 26. Bg4 Bf6 27. Kg2
Rad6 28. Re1 Re8 29. Rc1 b6 30. b3 1/2-1/2

[Event "International Championship of Central Se"]
[Site "Paracin, hotel "]
[Date "2015.07.06"]
[Round "4.10"]
[White "Tonic, Milos"]
[Black "Petrovic, Petar R"]
[Result "0-1"]
[WhiteElo "2066"]
[BlackElo "1870"]
[PlyCount "76"]
[EventDate "2015.07.03"]

1. c4 d6 2. Nc3 e5 3. g3 Nc6 4. Bg2 g6 5. Nf3 Bg7 6. d3 Nge7 7. O-O O-O 8. Bg5
h6 9. Bd2 Bd7 10. Rb1 Rb8 11. b4 Nd4 12. Ne1 f5 13. e3 Ne6 14. f4 Kh7 15. Kh1
a6 16. a4 Qe8 17. b5 Nc5 18. Qc2 Be6 19. Nf3 e4 20. dxe4 fxe4 21. Nd4 Bxc4 22.
Bxe4 Nxe4 23. Nxe4 Bxf1 24. Rxf1 Bxd4 25. exd4 Qd7 26. Nf2 axb5 27. axb5 Qxb5
28. Kg1 Qc6 29. Qd3 Qd5 30. g4 Nc6 31. Re1 Rbe8 32. Rxe8 Rxe8 33. f5 gxf5 34.
gxf5 Qxd4 35. Qc2 Rg8+ 36. Kf1 Qa1+ 37. Bc1 Qa6+ 38. Nd3 Ne5 0-1

[Event "International Championship of Central Se"]
[Site "Paracin, hotel "]
[Date "2015.07.06"]
[Round "4.11"]
[White "Zivanovic, Miroslav"]
[Black "Pribanovic, Milivoje"]
[Result "1/2-1/2"]
[WhiteElo "2047"]
[BlackElo "1865"]
[PlyCount "40"]
[EventDate "2015.07.03"]

1. e4 c5 2. Nf3 d6 3. d4 cxd4 4. Nxd4 Nf6 5. Nc3 a6 6. a4 e6 7. Be3 Be7 8. Be2
Qc7 9. O-O O-O 10. f4 Nc6 11. Nb3 Bd7 12. Bf3 Nb4 13. Qd2 Rac8 14. Rad1 Bc6 15.
a5 h6 16. h3 Nd7 17. Qf2 Rfd8 18. Bd4 Bf6 19. Bxf6 Nxf6 20. Kh1 Rd7 1/2-1/2

[Event "International Championship of Central Se"]
[Site "Paracin, hotel "]
[Date "2015.07.06"]
[Round "4.12"]
[White "Bojicic, Andjela"]
[Black "Bozilov, Dragan"]
[Result "0-1"]
[WhiteElo "1862"]
[BlackElo "2044"]
[PlyCount "96"]
[EventDate "2015.07.03"]

1. d4 d5 2. c4 c6 3. cxd5 cxd5 4. Nc3 Nf6 5. Bf4 Nc6 6. e3 a6 7. Bd3 Bg4 8.
Nge2 e6 9. O-O Be7 10. Rc1 Nd7 11. Na4 Rc8 12. a3 b5 13. Nc5 e5 14. Nxd7 exf4
15. Nc5 f3 16. gxf3 Bxf3 17. Qd2 Bxc5 18. Rxc5 Ne5 19. Ng3 Rxc5 20. dxc5 Qh4
21. Bf5 g6 22. Qd4 Qxd4 23. exd4 gxf5 24. Re1 Be4 25. dxe5 Rg8 26. Kf1 Bd3+ 27.
Ne2 Rg4 28. Rd1 Bc4 29. f3 Rh4 30. Ke1 Rxh2 31. Nd4 Rxb2 32. Rd2 Rb1+ 33. Rd1
Rxd1+ 34. Kxd1 f4 35. Kd2 Kd7 36. Kc3 a5 37. c6+ Kc7 38. e6 fxe6 39. Nxe6+ Kxc6
40. Nxf4 Kd6 41. Kd4 b4 42. axb4 axb4 43. Nh3 b3 44. Kc3 Ke5 45. f4+ Kf5 46.
Ng5 h5 47. Nh3 Kg4 48. f5 Kxf5 0-1

[Event "International Championship of Central Se"]
[Site "Paracin, hotel "]
[Date "2015.07.06"]
[Round "4.13"]
[White "Stahlberg, David"]
[Black "Ratkovic, Petar"]
[Result "1/2-1/2"]
[WhiteElo "2023"]
[BlackElo "1847"]
[PlyCount "41"]
[EventDate "2015.07.03"]

1. Nf3 d5 2. d4 c6 3. Bf4 Bf5 4. e3 Nf6 5. c4 e6 6. Nc3 Bd6 7. Bxd6 Qxd6 8. Qb3
Qc7 9. cxd5 exd5 10. Rc1 Qb6 11. Qxb6 axb6 12. a3 Nbd7 13. Nh4 Be6 14. Bd3 b5
15. O-O O-O 16. Nf5 Bxf5 17. Bxf5 Nb6 18. Bd3 Rfe8 19. Rfe1 Na4 20. Rc2 Ne4 21.
Bxe4 1/2-1/2

[Event "International Championship of Central Se"]
[Site "Paracin, hotel "]
[Date "2015.07.06"]
[Round "4.14"]
[White "Mijajlovic, Jovan"]
[Black "Musovic, Sabrija"]
[Result "0-1"]
[WhiteElo "1847"]
[BlackElo "2021"]
[PlyCount "85"]
[EventDate "2015.07.03"]

1. e4 c5 2. Nf3 d6 3. d4 cxd4 4. Nxd4 Nf6 5. Nc3 a6 6. Bc4 e6 7. Be3 b5 8. Bd3
Bb7 9. f3 Be7 10. Qd2 Nc6 11. O-O-O b4 12. Na4 Qa5 13. b3 Nd7 14. Kb1 O-O 15.
a3 Nxd4 16. axb4 Nxb3 17. bxa5 Nxd2+ 18. Bxd2 d5 19. exd5 Bxd5 20. c4 Rfb8+ 21.
Ka2 Bc6 22. Nc3 Ne5 23. Be2 Be8 24. Bf4 f6 25. Ne4 Rb4 26. Nc3 Nxc4 27. Rb1
Nxa5 28. Rxb4 Bxb4 29. Ne4 e5 30. Be3 Bf7+ 31. Kb1 Nc4 32. Bxc4 Bxc4 33. Rc1
Bd3+ 34. Ka2 Bxe4 35. fxe4 a5 36. Kb3 Rd8 37. Ka4 Rd3 38. Bb6 Ra3+ 39. Kb5 Ra2
40. Rg1 Re2 41. Kc6 Rxe4 42. Kd5 Re2 43. Ke6 0-1

[Event "International Championship of Central Se"]
[Site "Paracin, hotel "]
[Date "2015.07.06"]
[Round "4.15"]
[White "Djordjevic, Lazar"]
[Black "Molcanov, Sergej"]
[Result "0-1"]
[WhiteElo "1851"]
[BlackElo "2010"]
[PlyCount "112"]
[EventDate "2015.07.03"]

1. e4 c6 2. d4 d5 3. e5 c5 4. dxc5 Nc6 5. Bb5 e6 6. Be3 Nge7 7. Nf3 Nf5 8. Bd4
Nfxd4 9. Nxd4 Qc7 10. O-O Bxc5 11. c3 O-O 12. Bxc6 bxc6 13. Qa4 Bd7 14. Re1 Be7
15. Qc2 c5 16. Nf3 a5 17. Nbd2 a4 18. b3 axb3 19. axb3 f6 20. Qb2 Rab8 21. Qa2
Bc8 22. Qa7 Rb7 23. Qa5 Qxa5 24. Rxa5 f5 25. Rea1 Bd7 26. Ra7 Rfb8 27. c4 Kf7
28. g3 h6 29. Ne1 dxc4 30. bxc4 Bc6 31. R7a6 Rb6 32. Nd3 Be4 33. Nxe4 fxe4 34.
Nf4 g5 35. Ne2 Rxa6 36. Rxa6 Rb1+ 37. Kg2 Rb2 38. Nc3 e3 39. Ne4 e2 40. Ra1 Rc2
41. Re1 Rxc4 42. Rxe2 Rd4 43. Kf3 Ke8 44. Ke3 Kd7 45. f4 Kc6 46. Ra2 Rb4 47.
Ra6+ Rb6 48. Ra7 Rb7 49. Ra6+ Rb6 50. Ra7 Rb3+ 51. Ke2 Bd8 52. Rh7 gxf4 53.
Rxh6 Kd5 54. Nxc5 f3+ 55. Kf2 Bb6 56. Kf1 Bxc5 0-1

[Event "International Championship of Central Se"]
[Site "Paracin, hotel "]
[Date "2015.07.06"]
[Round "4.16"]
[White "Djoric, Krsta"]
[Black "Majstorovic, Dusan"]
[Result "0-1"]
[WhiteElo "1814"]
[BlackElo "2001"]
[PlyCount "98"]
[EventDate "2015.07.03"]

1. f4 d5 2. e3 Nf6 3. Nf3 c5 4. Be2 Nc6 5. O-O g6 6. b3 Bg7 7. Bb2 O-O 8. a3 a6
9. Qe1 d4 10. Bd3 Nd5 11. Qe2 Bg4 12. h3 Bxf3 13. Qxf3 e5 14. Be4 Nde7 15. f5
gxf5 16. Bxf5 Nxf5 17. Qxf5 Ne7 18. Qf2 e4 19. Qg3 Ng6 20. Rf5 Qe7 21. a4 b5
22. Na3 bxa4 23. bxa4 Rab8 24. Nc4 Rxb2 25. Nxb2 dxe3 26. dxe3 Bxb2 27. Raf1
Be5 28. Qf2 Bc7 29. g3 Ne5 30. Rd1 Qe6 31. Rg5+ Kh8 32. Kg2 Nf3 33. Rxc5 Be5
34. Rcd5 Bc7 35. Rc5 Qe7 36. Rdd5 Bxg3 37. Kxg3 Qh4+ 38. Kg2 Rg8+ 39. Rg5 Rxg5+
40. Rxg5 Qxf2+ 41. Kxf2 Nxg5 42. Kg3 Kg7 43. Kg4 Kf6 44. Kf4 Nxh3+ 45. Kxe4
Ng5+ 46. Kf4 h5 47. c4 Ne6+ 48. Ke4 Nc5+ 49. Kd5 Nxa4 0-1

[Event "International Championship of Central Se"]
[Site "Paracin, hotel "]
[Date "2015.07.06"]
[Round "4.17"]
[White "Djuretanovic, Ivan"]
[Black "Lapcevic, Dragutin"]
[Result "1-0"]
[WhiteElo "2000"]
[BlackElo "1840"]
[PlyCount "47"]
[EventDate "2015.07.03"]

1. e4 c5 2. Nf3 e6 3. d4 cxd4 4. Nxd4 a6 5. Bd3 Qc7 6. Nc3 Nc6 7. Nxc6 bxc6 8.
O-O d5 9. exd5 cxd5 10. Re1 Bb7 11. Qh5 Qd7 12. Bg5 Be7 13. Rad1 h6 14. Bxe7
Nxe7 15. Re3 Rd8 16. Rg3 g6 17. Qe5 Kf8 18. Qf6 Kg8 19. Re1 Rh7 20. h4 h5 21.
Ne2 d4 22. Nf4 Nd5 23. Nxd5 Qxd5 24. Bxg6 1-0

[Event "International Championship of Central Se"]
[Site "Paracin, hotel "]
[Date "2015.07.06"]
[Round "4.18"]
[White "Kostic, Tomislav"]
[Black "Cvetkovski, Slobodan"]
[Result "1-0"]
[WhiteElo "1995"]
[BlackElo "1847"]
[PlyCount "105"]
[EventDate "2015.07.03"]

1. e4 e6 2. d4 d5 3. Nc3 Bb4 4. e5 c5 5. a3 Bxc3+ 6. bxc3 Ne7 7. Qg4 Nbc6 8.
Qxg7 Rg8 9. Qxh7 Bd7 10. Ne2 Qa5 11. Bd2 O-O-O 12. h4 c4 13. a4 Rdf8 14. Qh5 f6
15. f4 Rh8 16. Qg4 Nf5 17. h5 Rfg8 18. Qf3 fxe5 19. fxe5 Nh6 20. Rh4 Qd8 21.
Rf4 Nf5 22. g4 Qh4+ 23. Kd1 Nfe7 24. Bh3 Kc7 25. Rf6 Nd8 26. Nf4 Nf5 27. Ng6
Rxg6 28. Rxg6 Qg3 29. Qxg3 Nxg3 30. Bg2 Rf8 31. Rf6 Rg8 32. Bf3 Be8 33. Be1 Ne4
34. Rf4 Ng5 35. Bg2 Ngf7 36. Ke2 Nh6 37. Bf3 Ndf7 38. Bh4 b6 39. Ke3 Rg7 40. a5
b5 41. Bf6 Rg8 42. Rg1 Ng5 43. Bxg5 Rxg5 44. Rg2 Kd7 45. Kf2 a6 46. Kg3 Ke7 47.
Kh4 Rg7 48. Be2 Rh7 49. Rgf2 Rg7 50. Rf8 Nf7 51. R8xf7+ Bxf7 52. g5 Rh7 53. Rf6
1-0

[Event "International Championship of Central Se"]
[Site "Paracin, hotel "]
[Date "2015.07.06"]
[Round "4.19"]
[White "Zivkovic, Zivojin"]
[Black "Nestorovic, Katarina"]
[Result "1-0"]
[WhiteElo "1977"]
[BlackElo "1820"]
[PlyCount "103"]
[EventDate "2015.07.03"]

1. Nf3 Nf6 2. g3 c5 3. Bg2 Nc6 4. d3 e6 5. e4 d5 6. e5 Nd7 7. Qe2 Be7 8. O-O
O-O 9. h4 b5 10. Bf4 a5 11. Nbd2 Qb6 12. Rfe1 Bb7 13. Nf1 c4 14. N1h2 cxd3 15.
cxd3 Rac8 16. Ng4 Nb4 17. Rec1 Rxc1+ 18. Bxc1 Rc8 19. a3 Nc2 20. Rb1 b4 21.
axb4 Qxb4 22. Bf4 Ba6 23. Ne3 Qb3 24. Bf1 a4 25. Nd2 Qb4 26. Nxc2 Rxc2 27. Qd1
Rc8 28. Nf3 Qb3 29. Qxb3 axb3 30. Ra1 Ra8 31. d4 Bb7 32. Rxa8+ Bxa8 33. Nd2 Nb6
34. Bb5 Bb4 35. Nxb3 Nc4 36. Bc1 Kf8 37. Kf1 Ke7 38. Ke2 Kd8 39. Bg5+ Be7 40.
Bxe7+ Kxe7 41. Bxc4 dxc4 42. Na5 Bd5 43. Kd2 Kd7 44. Kc3 f6 45. Nxc4 fxe5 46.
dxe5 Kc6 47. Kd4 Kb5 48. Nd6+ Kb4 49. Ne8 Kb3 50. Nxg7 Kxb2 51. f4 Ba2 52. g4
1-0

[Event "International Championship of Central Se"]
[Site "Paracin, hotel "]
[Date "2015.07.06"]
[Round "4.20"]
[White "Gagic, Miroljub"]
[Black "Stahlberg, Adam"]
[Result "1/2-1/2"]
[WhiteElo "1807"]
[BlackElo "1945"]
[PlyCount "146"]
[EventDate "2015.07.03"]

1. Nf3 b6 2. e4 Bb7 3. Nc3 e6 4. d4 Nf6 5. Bd3 a6 6. O-O d5 7. e5 Nfd7 8. Ne2
Be7 9. Nf4 g6 10. Nh3 c5 11. c3 Nc6 12. Qe2 b5 13. Be3 c4 14. Bc2 Nb6 15. Nd2
Kd7 16. f4 Qg8 17. Nf3 Qg7 18. Nf2 Bd8 19. g3 Kc7 20. Kg2 Ne7 21. Rh1 Bc6 22.
Rag1 Bd7 23. g4 Kb7 24. Kf1 Qf8 25. Ke1 Ra7 26. Ng5 Na8 27. Rf1 Nc7 28. Nd1 h6
29. Nf3 Ne8 30. Nf2 Ng7 31. Qd2 h5 32. h3 Nc6 33. Ng5 Bxg5 34. fxg5 Ka8 35. Nd1
Qe7 36. Qf2 Be8 37. Qg3 Nd8 38. Rh2 Bc6 39. Rhf2 Ne8 40. Bf4 a5 41. gxh5 Rxh5
42. Ne3 Ng7 43. Ng4 Rh8 44. Nh6 Nf5 45. Qf3 Rb7 46. Ng4 b4 47. Bc1 a4 48. Rh1
a3 49. bxa3 b3 50. axb3 cxb3 51. Bb1 b2 52. Rxb2 Rxb2 53. Bxb2 Qxg5 54. Bd3 Kb7
55. Rh2 Kc7 56. Rc2 Qh4+ 57. Nf2 Ba4 58. Rc1 Kd7 59. Qg4 Qh6 60. Qe2 Qg5 61.
Qg4 Qe3+ 62. Be2 Rh4 63. Qf3 Qh6 64. Qd3 Rf4 65. Ng4 Qh4+ 66. Kd2 Ng3 67. Re1
Qxh3 68. Nf6+ Rxf6 69. exf6 Qh6+ 70. Qe3 Ne4+ 71. Kd3 Bb5+ 72. Kc2 Ba4+ 73. Kd3
Bb5+ 1/2-1/2